[Event "Titled Tuesday intern op 06th Sep Early"]
[Site "Chess.com INT"]
[Date "2022.09.06"]
[Round "8"]
[White "Kambrath, Yannick"]
[Black "Sanchez, Roberto Daniel"]
[Result "0-1"]
[WhiteElo "2394"]
[BlackElo "1966"]
[PlyCount "62"]
[EventDate "2022.09.06"]
[EventType "swiss (blitz)"]
[EventRounds "11"]
[EventCountry "USA"]
[SourceTitle "EXT 2023"]
[Source "ChessBase"]
[SourceDate "2022.10.05"]
[SourceVersion "1"]
[SourceVersionDate "2022.10.05"]
[SourceQuality "1"]

1. e4 d5 2. exd5 Qxd5 3. Nc3 Qe6+ 4. Nge2 Nc6 5. d3 Qg6 6. g3 e5 7. Bg2 Bd7 8. Be3 0-0-0 9. Qd2 f5 10. 0-0-0 Nf6 11. f4 Ng4 12. Bg1 Bb4 13. h3 Nf6 14. a3 Ba5 15. fxe5 Nxe5 16. Bxa7 Bc6 17. Bxc6 Nxc6 18. Bf2 Ne4 19. Qe1 Nxf2 20. Qxf2 Rhe8 21. Rhf1 Qh6+ 22. Kb1 g6 23. g4 fxg4 24. hxg4 Kb8 25. Rh1 Qg5 26. Rxh7 Qxg4 27. Ne4 Rxe4 28. Nc3 Bxc3 29. Rg1 Qxg1+ 30. Qxg1 Re1+ 31. Qxe1 Bxe1 0-1

[Event "Titled Tuesday intern op 06th Sep Early"]
[Site "Chess.com INT"]
[Date "2022.09.06"]
[Round "1"]
[White "Kambrath, Yannick"]
[Black "Xiong, Jeffery"]
[Result "0-1"]
[WhiteElo "2394"]
[BlackElo "2690"]
[PlyCount "52"]
[EventDate "2022.09.06"]
[EventType "swiss (blitz)"]
[EventRounds "11"]
[EventCountry "USA"]
[SourceTitle "EXT 2023"]
[Source "ChessBase"]
[SourceDate "2022.10.05"]
[SourceVersion "1"]
[SourceVersionDate "2022.10.05"]
[SourceQuality "1"]

1. d4 Nf6 2. Nf3 d5 3. g3 c5 4. dxc5 e6 5. Bg2 Bxc5 6. 0-0 0-0 7. c4 d4 8. a3 a5 9. Bg5 h6 10. Bxf6 Qxf6 11. Nbd2 Qe7 12. Ne4 Ba7 13. Qa4 Nc6 14. Rfd1 e5 15. Rac1 f5 16. Ned2 e4 17. Ne1 Be6 18. Qb5 Rad8 19. c5 d3 20. e3 a4 21. b4 axb3 22. Nxb3 Qf7 23. Nd2 Rd5 24. Rc3 Rc8 25. Rb1 Nd8 26. Nb3 d2 0-1

[Event "Titled Tuesday intern op 30th Aug Early"]
[Site "Chess.com INT"]
[Date "2022.08.30"]
[Round "10"]
[White "Kambrath, Yannick"]
[Black "Tsaruk, Maksim"]
[Result "0-1"]
[WhiteElo "2401"]
[BlackElo "2403"]
[PlyCount "114"]
[EventDate "2022.08.30"]
[EventType "swiss (blitz)"]
[EventRounds "11"]
[EventCountry "USA"]
[SourceTitle "EXT 2023"]
[Source "ChessBase"]
[SourceDate "2022.10.05"]
[SourceVersion "1"]
[SourceVersionDate "2022.10.05"]
[SourceQuality "1"]

1. e4 c5 2. Nf3 d6 3. Bb5+ Nd7 4. 0-0 a6 5. Bxd7+ Bxd7 6. c3 Nf6 7. Re1 e6 8. d4 Be7 9. Bg5 0-0 10. dxc5 dxc5 11. e5 Nd5 12. Bxe7 Qxe7 13. Nbd2 Nf4 14. Qc2 Bc6 15. Ne4 Rad8 16. Re3 h6 17. Nd6 f5 18. Rae1 g5 19. g3 Nh3+ 20. Kf1 f4 21. Qg6+ Qg7 22. Qxe6+ Kh8 23. Rd3 fxg3 24. Qxh3 gxf2 25. Kxf2 Bxf3 26. Kg1 Bc6 27. Qg3 Rd7 28. Rd2 Re7 29. Rf2 Rxf2 30. Kxf2 Qg8 31. Kg1 Qd5 32. Re4 Qd1+ 33. Re1 Qd5 34. Nf5 Rf7 35. Qg4 Qh1+ 36. Kf2 Qxh2+ 37. Ke3 Qf4+ 38. Qxf4 gxf4+ 39. Kxf4 Bd5 40. e6 Rf8 41. e7 Re8 42. Ke5 Bxa2 43. Rh1 Kg8 44. Kf6 Bb1 45. Rg1+ Kh7 46. Rg7+ Kh8 47. Kf7 Bxf5 48. Kxe8 Kxg7 49. Kd8 Bg6 50. e8Q Bxe8 51. Kxe8 h5 52. b4 h4 53. bxc5 h3 54. c6 bxc6 55. Kd7 h2 56. Kxc6 h1Q+ 57. Kc5 Qf3 0-1

[Event "Titled Tuesday intern op 30th Aug Early"]
[Site "Chess.com INT"]
[Date "2022.08.30"]
[Round "9"]
[White "Kambrath, Yannick"]
[Black "Zanette, Edgard Vinicius"]
[Result "1-0"]
[WhiteElo "2401"]
[BlackElo "2115"]
[PlyCount "83"]
[EventDate "2022.08.30"]
[EventType "swiss (blitz)"]
[EventRounds "11"]
[EventCountry "USA"]
[SourceTitle "EXT 2023"]
[Source "ChessBase"]
[SourceDate "2022.10.05"]
[SourceVersion "1"]
[SourceVersionDate "2022.10.05"]
[SourceQuality "1"]

1. d4 Nf6 2. Nf3 e6 3. g3 c5 4. c4 d5 5. Bg2 Be7 6. Nc3 dxc4 7. Qa4+ Nbd7 8. Qxc4 0-0 9. dxc5 Bxc5 10. 0-0 a6 11. b4 Be7 12. Bf4 Nb6 13. Qb3 Nbd5 14. Rfd1 Qb6 15. Nxd5 Nxd5 16. Bd2 Bf6 17. Rac1 Bd7 18. e4 Bc6 19. exd5 Bxd5 20. Qb1 Rfd8 21. Be3 Qb5 22. Nd4 Qa4 23. Bxd5 Rxd5 24. Qb3 Qd7 25. Nf3 Rd8 26. Rxd5 exd5 27. Bd4 Be7 28. a3 f6 29. Bc5 Bxc5 30. Rxc5 Qf5 31. Nd4 Qe4 32. Qe3 Qb1+ 33. Kg2 Kh8 34. Rxd5 Rc8 35. Rc5 Rg8 36. h4 b6 37. Rc6 Qg6 38. Rxb6 Qh5 39. Rxa6 Qd5+ 40. Nf3 Qb7 41. Ra7 Qb8 42. Qe7 1-0

[Event "Titled Tuesday intern op 23rd Aug Late"]
[Site "Chess.com INT"]
[Date "2022.08.23"]
[Round "1"]
[White "Kambrath, Yannick"]
[Black "Barash, Anton"]
[Result "1-0"]
[WhiteElo "2401"]
[BlackElo "2088"]
[PlyCount "101"]
[EventDate "2022.08.23"]
[EventType "swiss (blitz)"]
[EventRounds "11"]
[EventCountry "USA"]
[SourceTitle "EXT 2023"]
[Source "ChessBase"]
[SourceDate "2022.10.05"]
[SourceVersion "1"]
[SourceVersionDate "2022.10.05"]
[SourceQuality "1"]

1. d4 d5 2. Nf3 Nf6 3. c4 e6 4. g3 dxc4 5. Bg2 Nc6 6. Qa4 Bb4+ 7. Bd2 Nd5 8. Bxb4 Ndxb4 9. 0-0 Rb8 10. Na3 0-0 11. Qb5 Qd5 12. Qxc4 Qxc4 13. Nxc4 Rd8 14. e3 b6 15. Nfe5 Ba6 16. Rfc1 Nxe5 17. Nxe5 Rbc8 18. Nc6 Nxc6 19. Bxc6 Kf8 20. Rc3 Ke7 21. Rac1 e5 22. dxe5 Rd2 23. R3c2 Rcd8 24. Be4 c5 25. Kg2 Bd3 26. Bxd3 R8xd3 27. Kf3 Ke6 28. Ke4 Rd5 29. f4 f5+ 30. exf6 gxf6 31. a3 f5+ 32. Kf3 R5d3 33. h3 h5 34. Rxd2 Rxd2 35. b4 Kd5 36. bxc5 bxc5 37. g4 hxg4+ 38. hxg4 fxg4+ 39. Kxg4 Ra2 40. Rc3 c4 41. Kf5 Rb2 42. Rc1 Rb3 43. e4+ Kd4 44. e5 Rxa3 45. Kf6 c3 46. e6 Ra6 47. Kf7 Rxe6 48. Kxe6 Kd3 49. f5 Kd2 50. Ra1 c2 51. f6 1-0

[Event "Titled Tuesday intern op 16th Aug Late"]
[Site "Chess.com INT"]
[Date "2022.08.16"]
[Round "8"]
[White "Kambrath, Yannick"]
[Black "Boros, Denes"]
[Result "0-1"]
[WhiteElo "2401"]
[BlackElo "2402"]
[PlyCount "108"]
[EventDate "2022.08.16"]
[EventType "swiss (blitz)"]
[EventRounds "11"]
[EventCountry "USA"]
[SourceTitle "EXT 2023"]
[Source "ChessBase"]
[SourceDate "2022.10.05"]
[SourceVersion "1"]
[SourceVersionDate "2022.10.05"]
[SourceQuality "1"]

1. e4 g6 2. d4 d5 3. exd5 Qxd5 4. c4 Qd8 5. Nc3 Bg7 6. Be3 Nh6 7. Qd2 Nf5 8. 0-0-0 Nc6 9. Nf3 0-0 10. h4 Nxe3 11. fxe3 Bg4 12. Be2 a6 13. Ng5 Bxe2 14. Qxe2 e6 15. Kb1 b5 16. cxb5 axb5 17. Qxb5 Ne7 18. g4 Rb8 19. Qa4 Qd6 20. Nge4 Qb6 21. Qc2 Nc6 22. Nc5 Nb4 23. Qf2 Qc6 24. g5 e5 25. a3 exd4 26. exd4 Nd5 27. N3e4 Rb6 28. h5 Rfb8 29. Rd2 Nc3+ 30. Nxc3 Qxh1+ 31. Ka2 gxh5 32. Nd7 h4 33. Nxb8 Rxb8 34. Qf4 Qc6 35. Qxh4 Qc4+ 36. Ka1 c5 37. Qh2 Re8 38. Re2 Ra8 39. Qg2 Rxa3+ 40. bxa3 Qxc3+ 41. Ka2 Bxd4 42. Qd5 Qa1+ 43. Kb3 Qd1+ 44. Rc2 Qd3+ 45. Ka4 Qxc2+ 46. Kb5 Qd3+ 47. Kc6 Qa6+ 48. Kd7 Qxa3 49. Ke8 Qa4+ 50. Ke7 Qa7+ 51. Ke8 Qc7 52. Qc4 Qe5+ 53. Kd7 Qe6+ 54. Qxe6 fxe6 0-1

[Event "Titled Tuesday intern op 16th Aug Early"]
[Site "Chess.com INT"]
[Date "2022.08.16"]
[Round "10"]
[White "Kambrath, Yannick"]
[Black "Kuznetsova, Olga1111"]
[Result "1-0"]
[WhiteElo "2401"]
[BlackElo "2142"]
[PlyCount "79"]
[EventDate "2022.08.16"]
[EventType "swiss (blitz)"]
[EventRounds "11"]
[EventCountry "USA"]
[SourceTitle "EXT 2023"]
[Source "ChessBase"]
[SourceDate "2022.10.05"]
[SourceVersion "1"]
[SourceVersionDate "2022.10.05"]
[SourceQuality "1"]

1. d4 Nf6 2. c4 e6 3. Nf3 d5 4. g3 Be7 5. Bg2 0-0 6. 0-0 dxc4 7. Qc2 b5 8. a4 b4 9. Nbd2 Bb7 10. Nxc4 c5 11. dxc5 Be4 12. Qd1 Bxc5 13. Bg5 Qxd1 14. Rfxd1 Nbd7 15. Nfe5 Bxg2 16. Nxd7 Nxd7 17. Kxg2 Nb6 18. Nxb6 axb6 19. b3 f6 20. Be3 Bxe3 21. fxe3 Rfd8 22. Kf3 Kf7 23. Rxd8 Rxd8 24. Rc1 Rd5 25. Rc7+ Kg6 26. Rc6 b5 27. a5 Rf5+ 28. Ke4 Rf2 29. Kd3 Rxh2 30. a6 Rh1 31. a7 Ra1 32. Rc7 h5 33. Kd4 Kh6 34. Kc5 g5 35. Kb6 h4 36. gxh4 gxh4 37. Kb7 h3 38. Rc8 Kh7 39. a8Q Rxa8 40. Kxa8 1-0

[Event "Titled Tuesday intern op 16th Aug Early"]
[Site "Chess.com INT"]
[Date "2022.08.16"]
[Round "1"]
[White "Kambrath, Yannick"]
[Black "Rose, Felix"]
[Result "1-0"]
[WhiteElo "2401"]
[BlackElo "2091"]
[PlyCount "121"]
[EventDate "2022.08.16"]
[EventType "swiss (blitz)"]
[EventRounds "11"]
[EventCountry "USA"]
[SourceTitle "EXT 2023"]
[Source "ChessBase"]
[SourceDate "2022.10.05"]
[SourceVersion "1"]
[SourceVersionDate "2022.10.05"]
[SourceQuality "1"]

1. d4 d5 2. Nf3 Nf6 3. c4 e6 4. g3 dxc4 5. Bg2 a6 6. 0-0 Nc6 7. Nc3 Rb8 8. e4 b5 9. d5 Nb4 10. b3 cxb3 11. Qxb3 c5 12. dxc6 Nxc6 13. Bf4 Rb7 14. Rfd1 Rd7 15. e5 Na5 16. Qc2 Nd5 17. Nxd5 Rxd5 18. Rxd5 exd5 19. Bg5 Qd7 20. e6 fxe6 21. Ne5 Qb7 22. Re1 Bd6 23. Bxd5 Qc7 24. Nc6 0-0 25. Ne7+ Kh8 26. Qxc7 Bxc7 27. Be4 Bb7 28. Bxb7 Nxb7 29. Rxe6 Bd6 30. Nd5 h6 31. Be3 Kg8 32. Nc3 Kf7 33. Re4 Rc8 34. Nd5 Rc2 35. a4 Nc5 36. Bxc5 Bxc5 37. axb5 Rxf2 38. Kh1 axb5 39. Nc7 b4 40. Ne6 Be7 41. Kg1 Rc2 42. Nd4 Rc3 43. Ne2 Rc7 44. Rf4+ Ke8 45. Rf3 Rb7 46. Rb3 Kd7 47. Kf1 Kc6 48. Ke1 Kb5 49. Kd2 Kc4 50. Kc2 Ra7 51. Nf4 Ra2+ 52. Rb2 Rxb2+ 53. Kxb2 Bf6+ 54. Kb1 b3 55. Nh5 Bc3 56. Nf4 Kd4 57. Ne2+ Kd3 58. Nf4+ Ke4 59. Kc1 Kf3 60. Nd5 Be5 61. Nb6 1-0

[Event "Prague Summer op 9th"]
[Site "Prague"]
[Date "2022.08.09"]
[Round "6"]
[White "Kambrath, Yannick"]
[Black "Mannion, Stephen R"]
[Result "1/2-1/2"]
[WhiteElo "2401"]
[BlackElo "2232"]
[PlyCount "141"]
[EventDate "2022.08.05"]
[EventType "swiss"]
[EventRounds "9"]
[EventCountry "CZE"]
[SourceTitle "CBM 209 Extra"]
[Source "ChessBase"]
[SourceDate "2022.09.30"]
[SourceVersion "1"]
[SourceVersionDate "2022.09.30"]
[SourceQuality "1"]

1. c4 e5 2. Nc3 Bb4 3. Qc2 Nf6 4. Nf3 Qe7 5. e3 0-0 6. a3 Bxc3 7. Qxc3 Re8 8. Be2 a5 9. b3 Nc6 10. Bb2 d6 11. 0-0 Bg4 12. d3 d5 13. cxd5 Nxd5 14. Qc2 f6 15. Rac1 Kh8 16. h3 Be6 17. Rfe1 Qf7 18. Nd2 Nde7 19. Bc3 Red8 20. Qb1 Bd5 21. Qb2 Qg6 22. Bf1 Be6 23. Kh2 Bf5 24. e4 Be6 25. Nf3 Qf7 26. Rb1 Nc8 27. d4 exd4 28. Nxd4 Nxd4 29. Bxd4 Ne7 30. Bc3 Ng6 31. Qc2 b6 32. b4 axb4 33. axb4 Re8 34. Bd4 Rad8 35. Be3 f5 36. Bg5 Ra8 37. Bb5 Rf8 38. Be3 Ra2 39. Rb2 Rxb2 40. Qxb2 fxe4 41. Qd4 Bd5 42. Rc1 Kg8 43. Kg1 h6 44. Ba4 Kh7 45. Qc3 Nf4 46. Bb5 c6 47. Bf1 b5 48. Qd2 Nd3 49. Bxd3 exd3 50. Qxd3+ Qg6 51. Qxg6+ Kxg6 52. Ra1 Rf7 53. f3 h5 54. Kf2 Kf5 55. Ra8 Kg6 56. Re8 Rd7 57. Rc8 Re7 58. Rd8 Rf7 59. Bc5 Rf4 60. Ke3 Rc4 61. Rd7 h4 62. Bf8 Bf7 63. Rd4 Rxd4 64. Kxd4 Kf6 65. Ke3 g5 66. Bc5 Kf5 67. Bf8 Bc4 68. Bc5 Bf1 69. Kf2 Bc4 70. Ke3 Bf1 71. Kf2 1/2-1/2

[Event "Prague Summer op 9th"]
[Site "Prague"]
[Date "2022.08.08"]
[Round "5"]
[White "Kvaloy, Aksel Bu"]
[Black "Kambrath, Yannick"]
[Result "1/2-1/2"]
[WhiteElo "2266"]
[BlackElo "2401"]
[PlyCount "54"]
[EventDate "2022.08.05"]
[EventType "swiss"]
[EventRounds "9"]
[EventCountry "CZE"]
[SourceTitle "CBM 209 Extra"]
[Source "ChessBase"]
[SourceDate "2022.09.30"]
[SourceVersion "1"]
[SourceVersionDate "2022.09.30"]
[SourceQuality "1"]

1. d4 Nf6 2. c4 e6 3. g3 d5 4. Nf3 Bb4+ 5. Bd2 Be7 6. Bg2 Nbd7 7. 0-0 0-0 8. Qc2 Ne4 9. Bf4 c6 10. h4 b6 11. Nbd2 Nxd2 12. Nxd2 Bb7 13. Rfd1 Rc8 14. Rac1 Bf6 15. Nf3 Re8 16. Bg5 c5 17. dxc5 Rxc5 18. Bxf6 Nxf6 19. Qb1 Qa8 20. cxd5 Rxc1 21. Rxc1 Bxd5 22. Ne1 h6 23. Qc2 Rd8 24. b3 Bxg2 25. Nxg2 Nd5 26. Qd2 Qb8 27. Ne3 Nxe3 1/2-1/2

[Event "Prague Summer op 9th"]
[Site "Prague"]
[Date "2022.08.07"]
[Round "3"]
[White "Ehrlich, Roy"]
[Black "Kambrath, Yannick"]
[Result "1/2-1/2"]
[WhiteElo "2183"]
[BlackElo "2401"]
[PlyCount "100"]
[EventDate "2022.08.05"]
[EventType "swiss"]
[EventRounds "9"]
[EventCountry "CZE"]
[SourceTitle "CBM 209 Extra"]
[Source "ChessBase"]
[SourceDate "2022.09.30"]
[SourceVersion "1"]
[SourceVersionDate "2022.09.30"]
[SourceQuality "1"]

1. e4 c5 2. Nf3 a6 3. c3 Nf6 4. Bd3 e6 5. Bc2 b5 6. d4 Bb7 7. Qe2 Be7 8. 0-0 d6 9. Nbd2 cxd4 10. cxd4 Nbd7 11. Re1 0-0 12. Nf1 Re8 13. Ng3 Nb6 14. b3 Rc8 15. Bb2 Nbd7 16. Rad1 Qb6 17. Bb1 Ra8 18. h4 a5 19. e5 Nd5 20. Qe4 Nf8 21. Nh5 Ng6 22. Qg4 Rac8 23. Rc1 b4 24. Nd2 Rxc1 25. Rxc1 dxe5 26. Nc4 Qd8 27. dxe5 Nc3 28. Bxc3 bxc3 29. Rxc3 Bd5 30. Bxg6 hxg6 31. Nf4 Bxc4 32. Rxc4 Bxh4 33. Nxg6 Bxf2+ 34. Kxf2 fxg6 35. Kg1 Qd2 36. Qxg6 Qe1+ 37. Kh2 Qxe5+ 38. Qg3 Qf6 39. Rc5 e5 40. Rxa5 e4 41. Rd5 e3 42. Rd1 Qf5 43. Qf3 Qe5+ 44. Kg1 Rf8 45. Qe2 Rf4 46. Rd3 Qa1+ 47. Qd1 Qe5 48. Qe2 Qa1+ 49. Qd1 Qe5 50. Qe2 Qa1+ 1/2-1/2

[Event "Prague Summer op 9th"]
[Site "Prague"]
[Date "2022.08.06"]
[Round "2"]
[White "Kambrath, Yannick"]
[Black "Schuran, Werner"]
[Result "1-0"]
[WhiteElo "2401"]
[BlackElo "2097"]
[PlyCount "65"]
[EventDate "2022.08.05"]
[EventType "swiss"]
[EventRounds "9"]
[EventCountry "CZE"]
[SourceTitle "CBM 209 Extra"]
[Source "ChessBase"]
[SourceDate "2022.09.30"]
[SourceVersion "1"]
[SourceVersionDate "2022.09.30"]
[SourceQuality "1"]

1. c4 Nf6 2. Nc3 g6 3. e4 d6 4. d4 Bg7 5. Be2 0-0 6. Bg5 Re8 7. Nf3 Bg4 8. 0-0 Nbd7 9. Rc1 Bxf3 10. Bxf3 c6 11. a3 Qc7 12. b4 e5 13. d5 c5 14. Na4 b6 15. Be3 h5 16. h3 Nf8 17. Nc3 Kh7 18. Qd2 Ng8 19. g4 h4 20. Bd1 f6 21. Ba4 Re7 22. bxc5 bxc5 23. Bc6 Rb8 24. Rb1 f5 25. Rxb8 Qxb8 26. Rb1 Qc8 27. Bg5 fxg4 28. Bxe7 gxh3 29. Qg5 Nxe7 30. Rb7 Nxc6 31. dxc6 Ne6 32. Qxh4+ Kg8 33. Nd5 1-0

[Event "Prague Summer op 9th"]
[Site "Prague"]
[Date "2022.08.05"]
[Round "1"]
[White "Reprun, Nadejda"]
[Black "Kambrath, Yannick"]
[Result "0-1"]
[WhiteElo "1971"]
[BlackElo "2401"]
[PlyCount "92"]
[EventDate "2022.08.05"]
[EventType "swiss"]
[EventRounds "9"]
[EventCountry "CZE"]
[SourceTitle "CBM 209 Extra"]
[Source "ChessBase"]
[SourceDate "2022.09.30"]
[SourceVersion "1"]
[SourceVersionDate "2022.09.30"]
[SourceQuality "1"]

1. e4 c5 2. Nf3 e6 3. d4 cxd4 4. Nxd4 Nc6 5. Nb5 d6 6. c4 Nf6 7. N5c3 b6 8. Be2 Bb7 9. Be3 Rc8 10. Nd2 Be7 11. 0-0 0-0 12. Rc1 Re8 13. a3 Rc7 14. b4 Rd7 15. Qa4 Qa8 16. Rfd1 Bf8 17. Nf1 Rdd8 18. f3 Qb8 19. Nb5 d5 20. c5 bxc5 21. bxc5 dxe4 22. fxe4 Qe5 23. Ng3 Nd5 24. exd5 Qxe3+ 25. Kh1 Rxd5 26. Nd6 Bxd6 27. cxd6 Rd8 28. Rb1 Ba8 29. Bf3 Rxd1+ 30. Rxd1 Rxd6 31. Rb1 h6 32. h3 Qe5 33. Ne2 Rd8 34. Bxc6 Bxc6 35. Qxc6 Qxe2 36. Qc7 Rd1+ 37. Rxd1 Qxd1+ 38. Kh2 Qd4 39. Qe7 Qf2 40. Qd6 Kh7 41. a4 Qe3 42. a5 f6 43. Qd8 Qf4+ 44. Kh1 e5 45. Qd7 Qf2 46. Kh2 e4 0-1

[Event "FRA-ch Blitz"]
[Site "Port Marly"]
[Date "2022.05.28"]
[Round "5"]
[White "Sochacki, Christophe"]
[Black "Kambrath, Yannick"]
[Result "1-0"]
[WhiteElo "2493"]
[BlackElo "2401"]
[PlyCount "82"]
[EventDate "2022.05.28"]
[EventType "swiss (blitz)"]
[EventRounds "13"]
[EventCountry "FRA"]
[SourceTitle "CBM 208 Extra"]
[Source "ChessBase"]
[SourceDate "2022.07.31"]
[SourceVersion "1"]
[SourceVersionDate "2022.07.31"]
[SourceQuality "1"]

1. b3 e5 2. Bb2 Nc6 3. e3 g6 4. Bb5 Nge7 5. Nf3 Bg7 6. d4 exd4 7. Nxd4 0-0 8. 0-0 Nxd4 9. Bxd4 c6 10. Bxg7 Kxg7 11. Qd4+ Kg8 12. Bd3 d5 13. Nd2 Nf5 14. Qb2 Nd6 15. Rad1 Bg4 16. f3 Be6 17. e4 dxe4 18. fxe4 Qg5 19. e5 Nf5 20. Ne4 Qe3+ 21. Kh1 Kh8 22. Rf3 Qd4 23. Qxd4 Nxd4 24. Rf2 Bg4 25. Rdf1 Bf5 26. Nd6 f6 27. Bxf5 gxf5 28. c3 Ne6 29. exf6 Rxf6 30. Rxf5 Rxf5 31. Rxf5 b6 32. h3 Kg8 33. Rf6 Nc5 34. Nf5 Ne4 35. Rxc6 Rf8 36. g4 Rd8 37. Kg2 Rd2+ 38. Kf3 Ng5+ 39. Ke3 Rxa2 40. Rc7 Nxh3 41. g5 Nf2 1-0

[Event "BEL-chT 2122"]
[Site "Belgium"]
[Date "2021.12.05"]
[Round "3"]
[White "Piceu, Tom"]
[Black "Kambrath, Yannick"]
[Result "1/2-1/2"]
[WhiteElo "2352"]
[BlackElo "2402"]
[PlyCount "111"]
[EventDate "2021.10.24"]
[EventType "team-tourn"]
[EventRounds "11"]
[EventCountry "BEL"]
[SourceTitle "CBM 207 Extra"]
[Source "ChessBase"]
[SourceDate "2022.05.31"]
[SourceVersion "1"]
[SourceVersionDate "2022.05.31"]
[SourceQuality "1"]

1. e4 c5 2. Nf3 e6 3. c3 Nf6 4. Bd3 Nc6 5. Bc2 Qc7 6. 0-0 Be7 7. Re1 0-0 8. d4 cxd4 9. cxd4 Nb4 10. Bb3 d5 11. e5 Ne4 12. a3 Nc6 13. Nbd2 f5 14. exf6 Nxf6 15. Nf1 Bd7 16. Bg5 Bd6 17. Bc2 Rac8 18. Rc1 Qb6 19. Qd3 Qa6 20. Qxa6 bxa6 21. Bd3 Nb8 22. N1d2 Rxc1 23. Rxc1 Rc8 24. Re1 Rc7 25. Ne5 Bb5 26. Bb1 Nc6 27. Nxc6 Rxc6 28. Nf3 Rb6 29. g3 Bd7 30. Ne5 Be8 31. b4 a5 32. bxa5 Rb3 33. Bxf6 gxf6 34. Ng4 Kf7 35. Bxh7 Rxa3 36. Bc2 Bd7 37. Rb1 Bc6 38. h4 Rxa5 39. h5 Ra2 40. Rc1 Bd7 41. h6 Ba3 42. h7 Kg7 43. Rb1 Rxc2 44. Rb7 Rc8 45. Rxd7+ Kg6 46. Rc7 Rh8 47. Rxa7 Bb2 48. Ra4 Rxh7 49. Kg2 Rc7 50. Kf3 Rc3+ 51. Ke2 Kg5 52. Ne3 Ra3 53. f4+ Kg6 54. f5+ exf5 55. Rxa3 Bxa3 56. Nxd5 1/2-1/2

[Event "Cattolica Halloween op"]
[Site "Cattolica"]
[Date "2021.11.01"]
[Round "9"]
[White "Cvitan, Ognjen"]
[Black "Kambrath, Yannick"]
[Result "1/2-1/2"]
[WhiteElo "2470"]
[BlackElo "2397"]
[PlyCount "25"]
[EventDate "2021.10.27"]
[EventType "swiss"]
[EventRounds "9"]
[EventCountry "ITA"]
[SourceTitle "CBM 204 Extra"]
[Source "ChessBase"]
[SourceDate "2021.11.30"]
[SourceVersion "1"]
[SourceVersionDate "2021.11.30"]
[SourceQuality "1"]

1. d4 d5 2. c4 e6 3. Nc3 a6 4. cxd5 exd5 5. Nf3 c6 6. Qc2 Bd6 7. e4 dxe4 8. Nxe4 Bb4+ 9. Nc3 Nf6 10. a3 Bd6 11. Bc4 Qe7+ 12. Be3 Be6 13. Bxe6 1/2-1/2

[Event "Cattolica Halloween op"]
[Site "Cattolica"]
[Date "2021.10.31"]
[Round "8"]
[White "Kambrath, Yannick"]
[Black "Petrov, Marian"]
[Result "0-1"]
[WhiteElo "2397"]
[BlackElo "2439"]
[PlyCount "74"]
[EventDate "2021.10.27"]
[EventType "swiss"]
[EventRounds "9"]
[EventCountry "ITA"]
[SourceTitle "CBM 204 Extra"]
[Source "ChessBase"]
[SourceDate "2021.11.30"]
[SourceVersion "1"]
[SourceVersionDate "2021.11.30"]
[SourceQuality "1"]

1. d4 g6 2. c4 Bg7 3. e4 d6 4. Nf3 e5 5. Nc3 Nc6 6. Be3 Bg4 7. d5 Nd4 8. Be2 Bxf3 9. Bxf3 c5 10. dxc6 bxc6 11. 0-0 Rb8 12. Rb1 Ne7 13. Bxd4 exd4 14. Ne2 c5 15. Nf4 0-0 16. Be2 Re8 17. Bd3 Qa5 18. a3 Bh6 19. Nd5 Nxd5 20. exd5 Re7 21. a4 Reb7 22. Qe2 Qxa4 23. b3 Qa5 24. Bc2 Qd2 25. Qxd2 Bxd2 26. Ra1 a5 27. Rfd1 Bc3 28. Rab1 Re7 29. Bd3 Rb4 30. g3 Kf8 31. Kg2 Ke8 32. Kf3 Kd8 33. h3 Kc8 34. Kf4 Reb7 35. Bc2 a4 36. bxa4 Rxc4 37. Rxb7 d3+ 0-1

[Event "FIDE World Uni Rapid-B 1st"]
[Site "Tornelo INT"]
[Date "2021.03.21"]
[Round "10"]
[White "Iniyan, Panneerseluam"]
[Black "Kambrath, Yannick"]
[Result "1-0"]
[WhiteElo "2506"]
[BlackElo "2375"]
[PlyCount "95"]
[EventDate "2021.03.20"]
[EventType "swiss (rapid)"]
[EventRounds "12"]
[EventCountry "NET"]
[SourceTitle "CBM 201 Extra"]
[Source "ChessBase"]
[SourceDate "2021.05.31"]
[SourceVersion "1"]
[SourceVersionDate "2021.05.31"]
[SourceQuality "1"]

1. d4 d5 2. c4 e6 3. Nc3 a6 4. Nf3 dxc4 5. a4 Nc6 6. e3 Na5 7. Nd2 c5 8. Nxc4 Nf6 9. Ne5 cxd4 10. exd4 Be7 11. Bd3 0-0 12. 0-0 Bd7 13. Bg5 Nc6 14. Re1 Rc8 15. Re3 g6 16. Rf3 Nd5 17. Nxd5 exd5 18. Nxd7 Qxd7 19. Bh6 Rfe8 20. Bf5 gxf5 21. Rg3+ Kh8 22. Bg7+ Kg8 23. Qh5 Qd6 24. Be5+ Qg6 25. Qxf5 Bf8 26. Rxg6+ hxg6 27. Qd7 Nxe5 28. dxe5 Red8 29. Qxb7 d4 30. Rd1 d3 31. Kf1 Rb8 32. Qxa6 d2 33. e6 Rxb2 34. exf7+ Kg7 35. Qa5 Rdb8 36. Rxd2 Rb1+ 37. Ke2 R8b7 38. Qc3+ Kxf7 39. a5 Bg7 40. Qc4+ Kf6 41. Rd6+ Kg5 42. Qc5+ Kh6 43. Qe3+ Kh7 44. Qh3+ Kg8 45. Rd8+ Bf8 46. Qe6+ Rf7 47. Qxg6+ Rg7 48. Qxb1 1-0

[Event "FIDE World Uni Rapid-B 1st"]
[Site "Tornelo INT"]
[Date "2021.03.21"]
[Round "8"]
[White "Kambrath, Yannick"]
[Black "Xu, Yinglun"]
[Result "0-1"]
[WhiteElo "2375"]
[BlackElo "2554"]
[PlyCount "80"]
[EventDate "2021.03.20"]
[EventType "swiss (rapid)"]
[EventRounds "12"]
[EventCountry "NET"]
[SourceTitle "CBM 201 Extra"]
[Source "ChessBase"]
[SourceDate "2021.05.31"]
[SourceVersion "1"]
[SourceVersionDate "2021.05.31"]
[SourceQuality "1"]

1. d4 d5 2. c4 e6 3. Nc3 Nf6 4. cxd5 Nxd5 5. e4 Nxc3 6. bxc3 c5 7. Nf3 cxd4 8. cxd4 Bb4+ 9. Bd2 Bxd2+ 10. Qxd2 0-0 11. Rc1 b6 12. Bd3 Bb7 13. 0-0 h6 14. Qf4 Nc6 15. d5 exd5 16. exd5 Ne7 17. d6 Nd5 18. Qg3 Qf6 19. Nh4 Rad8 20. Nf5 Bc8 21. Qf3 Bxf5 22. Bxf5 Rxd6 23. Rfd1 Rfd8 24. Be4 Qxf3 25. Bxf3 g6 26. g3 Kg7 27. Rd4 Nf6 28. Rxd6 Rxd6 29. Rc7 Rd7 30. Rc2 g5 31. h3 Kg6 32. Kf1 Re7 33. Rc4 h5 34. Ra4 Rc7 35. Be2 Nd7 36. Bd3+ Kg7 37. Ke2 Nc5 38. Rc4 Re7+ 39. Kd2 Rd7 40. Rc3 Ne4+ 0-1